| 000 | 00749nam a2200217Ia 4500 | ||
|---|---|---|---|
| 003 | OSt | ||
| 005 | 20250218094926.0 | ||
| 007 | ca aa aaaaa | ||
| 008 | 201103s9999 xx 000 0 und d | ||
| 040 | _cSSBUL | ||
| 041 | _abur | ||
| 082 |
_a၂၉၄.၃၄၃၅၀၉ _2၂၃ _bသီ |
||
| 100 |
_a သီလဝ _915814 |
||
| 245 | 1 | 0 |
_aပင်းတယနယ်မြေနှင့်ရွှေဥမင်ဘုရားသမိုင်း / _cသီလဝ ။ |
| 250 | _aဒုတိယအကြိမ် ။ | ||
| 300 |
_a၁၆၀ စာမျက်နှာ ၊ _bပုံများ ၊ _c၁၈ စင်တီ ။ |
||
| 650 | _aဘုရားသမိုင်း | ||
| 942 |
_cBK _2ddc |
||
| 942 | _2ddc | ||
| 942 | _2ddc | ||
| 999 |
_c14454 _d14454 |
||